Statistics for 1989 Upper Deck Star Rookies

Click here to take the quiz!

General Stats

  • This quiz has been taken 244 times
  • The average score is 3 of 26

Answer Stats

Number Player % Correct
1Ken Griffey Jr
95%
25Randy Johnson
46%
11Ron Jones
31%
17John Smoltz
27%
13Gary Sheffield
27%
5Sandy Alomar, Jr.
25%
18Ramon Martinez
23%
20Juan Bell
15%
24Dante Bichette
10%
9Gregg Jefferies
10%
22Felix Jose
4%
19Mark Lemke
4%
2Luis Medina
4%
23Van Snider
3%
26Carlos Quintana
3%
15Larvell Blanks
3%
8Cris Carpenter
3%
4Dave Otto
3%
16William Brennan
2%
12Luis de los Santos
2%
10Doug Dascenzo
2%
21Rey Palacios
2%
7David West
2%
6Rolando Roomes
2%
3Tony Chance
2%
14Mike Harkey
2%

Score Distribution

Percentile by Number Answered

Percent of People with Each Score

Your Score History

You have not taken this quiz